000
00331nam a2200145Ia 4500
100
_a
Cowart/Robert/ Knittel/ B
942
_c
BK
654
_a
Using windows
245
_a
Using Windows 2000 Professional
260
_b
Prentice Hall of India
082
_a
5.133
_b
COW/KNI
300
_a
1506
546
_a
ENGLISH
999
_c
21790
_d
21790